Mercedes Sosa: la negra
Gorde:
| Egile nagusia: | |
|---|---|
| Formatua: | Liburua |
| Hizkuntza: | gaztelania |
| Argitaratua: |
Buenos Aires
Sudamericana
2003
|
| Edizioa: | 1a. ed |
| Gaiak: | |
| Etiketak: |
Etiketa erantsi
Etiketarik gabe, Izan zaitez lehena erregistro honi etiketa jartzen!
|
MARC
| LEADER | 00000nam a2200000 a 4500 | ||
|---|---|---|---|
| 001 | UCK3403 | ||
| 003 | CL-VaPUC | ||
| 008 | 050422e20030000AG |||||||||||||||||spa|d | ||
| 020 | |a 9500723484 | ||
| 082 | 0 | 4 | |a 781.6282 |b BRA |2 21 |
| 100 | 0 | |a Braceli, Rodolfo |e author |9 491486 | |
| 245 | 1 | 0 | |a Mercedes Sosa: la negra |
| 250 | |a 1a. ed | ||
| 300 | |a 313 p | ||
| 942 | |c BK | ||
| 945 | |d 20050422 00:00:00 |a jcarroza | ||
| 260 | |a Buenos Aires |b Sudamericana |c 2003 | ||
| 600 | 0 | |a Sosa, Mercedes, |d 1935 - 2009 |q Sosa, Haydée Mercedes |x Folklore |z Argentina |9 491487 | |
| 650 | 0 | |a Biografías |9 255210 | |
| 650 | 7 | |a CANTO POPULAR |2 CL-VaPUC |9 409967 | |
| 651 | 0 | |a Argentina |9 254888 | |
| 583 | |a last modification |c 20050422 00:00:00 |k Rodrigo Vera | ||
| 999 | |c 312603 |d 312601 | ||
| 952 | |0 0 |1 0 |4 0 |6 781_628200000000000_BRA_2003 |7 0 |8 A |9 383140 |a BIBEDU |b BIBEDU |d 2019-11-21 |i 4114892 |o 781.6282 BRA 2003 |p 4114892 |r 2023-01-12 |w 2019-11-21 |y BK |k MUS | ||